[Event "Pere Noel"]
[Site "Montreal CAN"]
[Date "2011.12.28"]
[Round "3"]
[White "Peng, Jackie"]
[Black "Ramaswamy, Kiran"]
[Result "1-0"]
[WhiteElo "2030"]
[BlackElo "1947"]
[PlyCount "57"]
[GameId "2160767909573265"]
[EventDate "2011.12.26"]
[EventType "swiss"]
[EventRounds "5"]
[EventCountry "CAN"]
[SourceTitle "hb 2011"]

1. e4 c5 2. Nf3 Nc6 3. d4 cxd4 4. Nxd4 Nf6 5. Nc3 d6 6. Bg5 g6 7. Bxf6 exf6 8. Bb5 Bd7 9. Qd2 a6 10. Be2 Qa5 11. Nb3 Qe5 12. f4 Qe6 13. O-O-O Bh6 14. Nd5 O-O 15. Nd4 Nxd4 16. Qxd4 Kg7 17. g4 Qe5 18. g5 Bxg5 19. Qxe5 dxe5 20. fxg5 fxg5 21. Nb6 Bc6 22. Nxa8 Bxe4 23. Rhf1 Rxa8 24. Rd7 Rf8 25. Bc4 b5 26. Rfxf7+ Rxf7 27. Rxf7+ Kg8 28. Be6 Bf5 29. Rxf5+ 1-0

[Event "Pere Noel"]
[Site "Montreal CAN"]
[Date "2011.12.28"]
[Round "3"]
[White "Robichaud, Louis"]
[Black "Luo, Zhao Yang"]
[Result "0-1"]
[WhiteElo "2098"]
[BlackElo "1929"]
[PlyCount "58"]
[GameId "2160767909573266"]
[EventDate "2011.12.26"]
[EventType "swiss"]
[EventRounds "5"]
[EventCountry "CAN"]
[SourceTitle "EXT 2022"]
[Source "ChessBase"]
[SourceDate "2021.10.06"]
[SourceVersion "1"]
[SourceVersionDate "2021.10.06"]
[SourceQuality "1"]

1. e4 c6 2. d3 d5 3. Nd2 e5 4. Ngf3 Bd6 5. d4 exd4 6. exd5 cxd5 7. Nxd4 Nf6 8. Be2 O-O 9. O-O Nbd7 10. N2f3 Nc5 11. Bg5 Nce4 12. Bxf6 Qxf6 13. c3 a6 14. Qb3 Rd8 15. Rad1 Qh6 16. a4 Ng5 17. Qc2 Bg4 18. g3 Ne4 19. c4 Rac8 20. Qb1 Bh3 21. Rfe1 Bb4 22. cxd5 Bxe1 23. Qxe4 Re8 24. Qd3 Bb4 25. Nc2 Bc5 26. b4 Bxf2+ 27. Kxf2 Rxc2 28. Nd4 Bf5 29. Qf3 Qxh2+ 0-1

[Event "Pere Noel"]
[Site "Montreal CAN"]
[Date "2011.12.28"]
[Round "3"]
[White "Sprumont, Oscar"]
[Black "Chang, Michael"]
[Result "1/2-1/2"]
[WhiteElo "1795"]
[BlackElo "1859"]
[PlyCount "58"]
[GameId "2160767909573268"]
[EventDate "2011.12.26"]
[EventType "swiss"]
[EventRounds "5"]
[EventCountry "CAN"]
[SourceTitle "hb 2011"]

1. e4 c6 2. d4 d5 3. Nd2 dxe4 4. Nxe4 Bf5 5. Ng3 Bg6 6. h4 h6 7. Nf3 Nd7 8. h5 Bh7 9. Bd3 Bxd3 10. Qxd3 Ngf6 11. Bf4 Qa5+ 12. Bd2 Qc7 13. O-O-O O-O-O 14. Rhe1 e6 15. Qe2 Nb6 16. c3 c5 17. Kb1 Kb8 18. Be3 Nbd5 19. dxc5 Bxc5 20. Bxc5 Qxc5 21. Qe5+ Qc7 22. Rd4 Rd7 23. Qxc7+ Nxc7 24. Red1 Rxd4 25. Rxd4 Nb5 26. Rb4 Nd6 27. Rd4 Kc7 28. Ne5 Rf8 29. Kc2 b6 1/2-1/2

[Event "Pere Noel"]
[Site "Montreal CAN"]
[Date "2011.12.28"]
[Round "3"]
[White "Wu, Qiyou"]
[Black "Manailoiu, Dragos"]
[Result "1-0"]
[WhiteElo "2005"]
[BlackElo "1834"]
[PlyCount "73"]
[GameId "2160767909573270"]
[EventDate "2011.12.26"]
[EventType "swiss"]
[EventRounds "5"]
[EventCountry "CAN"]
[SourceTitle "hb 2011"]

1. e4 e6 2. d4 d5 3. e5 c5 4. c3 Nc6 5. Nf3 Bd7 6. a3 Nge7 7. b4 cxd4 8. cxd4 Nf5 9. Be3 Rc8 10. Bd3 Nxe3 11. fxe3 Be7 12. O-O O-O 13. Nbd2 f6 14. exf6 Bxf6 15. Qe2 Be8 16. Nb3 Bh5 17. Qd2 Bxf3 18. Rxf3 e5 19. Bf5 Rc7 20. Raf1 e4 21. Rh3 g6 22. Be6+ Kg7 23. Qa2 b6 24. Nc1 Nxd4 25. Bg4 Rc2 26. Qb1 Rb2 27. Qxb2 Nf3+ 28. Rhxf3 Bxb2 29. Rxf8 Qg5 30. R8f7+ Kh6 31. R7f4 Be5 32. Ne2 Bxf4 33. Rxf4 Qe5 34. Nd4 Qc7 35. Kf2 Qc3 36. Be2 Qxa3 37. Ne6 1-0

[Event "Pere Noel"]
[Site "Montreal CAN"]
[Date "2011.12.28"]
[Round "3"]
[White "Yu, Zong Yang"]
[Black "Malveau, Cedric"]
[Result "1/2-1/2"]
[WhiteElo "1814"]
[BlackElo "2015"]
[PlyCount "157"]
[GameId "2160767909573271"]
[EventDate "2011.12.26"]
[EventType "swiss"]
[EventRounds "5"]
[EventCountry "CAN"]
[SourceTitle "hb 2011"]

1. d4 Nf6 2. c4 e6 3. Nf3 Bb4+ 4. Bd2 Qe7 5. a3 Bxd2+ 6. Nbxd2 d6 7. e4 e5 8. d5 O-O 9. Be2 a5 10. b3 Nbd7 11. O-O Nc5 12. Qc2 b6 13. b4 Ncd7 14. Nh4 g6 15. g3 Nb8 16. Bf3 Bh3 17. Bg2 Bxg2 18. Kxg2 Na6 19. Rab1 Nh5 20. Ndf3 Ng7 21. Kh1 f5 22. Ng2 Rf7 23. Rb3 Raf8 24. exf5 Nxf5 25. Ngh4 Nxh4 26. Nxh4 Qg5 27. Qe2 axb4 28. axb4 Nb8 29. Ng2 Nd7 30. Kg1 Qh6 31. Rc3 Qh3 32. Qe4 g5 33. Qe3 h6 34. Qe2 Nf6 35. Ne1 Ng4 36. f3 e4 37. Qg2 Qxg2+ 38. Kxg2 Ne5 39. h3 h5 40. b5 exf3+ 41. Nxf3 g4 42. hxg4 hxg4 43. Nd2 Rxf1 44. Nxf1 Ra8 45. Rc2 Kg7 46. Nd2 Kg6 47. Kf2 Kf5 48. Rc3 Ra2 49. Ke3 Ra1 50. Nb3 Rh1 51. Nd4+ Kf6 52. Ne6 Rh7 53. Rc2 Rf7 54. Rf2+ Nf3 55. Nd4 Ke5 56. Nxf3+ gxf3 57. Rxf3 Rg7 58. Kf2 Rg4 59. Rc3 Kd4 60. Rc1 Kd3 61. Kf3 Rg8 62. g4 Kd2 63. Ra1 Kc3 64. Kf4 Kxc4 65. Rc1+ Kxd5 66. Rxc7 Rf8+ 67. Kg3 Ke4 68. Rc6 d5 69. Rxb6 d4 70. g5 d3 71. Rd6 Rf5 72. g6 Rxb5 73. Kg4 Rb7 74. Kg5 Ke3 75. Kf6 Ke2 76. Re6+ Kf2 77. g7 Rxg7 78. Kxg7 d2 79. Rd6 1/2-1/2

[Event "Pere Noel"]
[Site "Montreal CAN"]
[Date "2011.12.28"]
[Round "3"]
[White "Yun, Chang"]
[Black "Pregent, Daniel"]
[Result "1-0"]
[WhiteElo "1935"]
[BlackElo "1830"]
[PlyCount "65"]
[GameId "2160767909573272"]
[EventDate "2011.12.26"]
[EventType "swiss"]
[EventRounds "5"]
[EventCountry "CAN"]
[SourceTitle "hb 2011"]

1. e4 c5 2. Nf3 d6 3. c3 Nf6 4. Be2 Nc6 5. d4 cxd4 6. cxd4 Nxe4 7. d5 Qa5+ 8. Nc3 Ne5 9. Nxe5 Nxc3 10. Nc4 Qxd5 11. bxc3 Qxg2 12. Bf3 Qg6 13. Be3 e5 14. Qa4+ Bd7 15. Qb3 Be7 16. O-O-O O-O 17. Nxe5 dxe5 18. Rxd7 Qf5 19. Rxe7 Qxf3 20. Rg1 Qf6 21. Rxb7 a5 22. a4 Rac8 23. Kb2 Qh4 24. Rd1 Qxh2 25. Rdd7 Qh5 26. Qb5 Qf3 27. Qxe5 Qe2+ 28. Rd2 Qf3 29. Qd5 Qg4 30. Bc5 h5 31. Bxf8 Rxf8 32. Qd4 Qf3 33. Rb5 1-0

[Event "Pere Noel"]
[Site "Montreal CAN"]
[Date "2011.12.28"]
[Round "3"]
[White "Zhu, Hong Rui"]
[Black "Clyde, Jordan"]
[Result "1/2-1/2"]
[WhiteElo "2114"]
[BlackElo "2026"]
[PlyCount "64"]
[GameId "2160767909573273"]
[EventDate "2011.12.26"]
[EventType "swiss"]
[EventRounds "5"]
[EventCountry "CAN"]
[SourceTitle "hb 2011"]

1. e4 Nf6 2. e5 Nd5 3. c4 Nb6 4. d4 d6 5. exd6 exd6 6. Nc3 Nc6 7. Be3 Bf5 8. Nf3 Be7 9. Be2 Bf6 10. Rc1 O-O 11. O-O d5 12. c5 Nc8 13. a3 N8e7 14. b4 a6 15. Qb3 Bg4 16. Rcd1 Nf5 17. Qxd5 Bxf3 18. Qxf5 Bxe2 19. Nxe2 Ne7 20. Qf3 Qd5 21. Qg3 Nf5 22. Qxc7 Rfe8 23. Rd3 Rad8 24. Rfd1 g5 25. Nc3 Qc4 26. Qxb7 Nxd4 27. Bxd4 Qxd3 28. g3 Qc4 29. Ne4 Bxd4 30. Nd6 Bxf2+ 31. Kg2 Qa2 32. Rd2 Qxd2 1/2-1/2

[Event "Pere Noel"]
[Site "Montreal CAN"]
[Date "2011.12.29"]
[Round "4"]
[White "Cardin, Guillaume"]
[Black "Sprumont, Oscar"]
[Result "1/2-1/2"]
[WhiteElo "1960"]
[BlackElo "1796"]
[PlyCount "146"]
[GameId "2160767909573274"]
[EventDate "2011.12.26"]
[EventType "swiss"]
[EventRounds "5"]
[EventCountry "CAN"]
[SourceTitle "hb 2011"]

1. d4 Nf6 2. c4 g6 3. Nc3 d5 4. cxd5 Nxd5 5. Bd2 Nxc3 6. Bxc3 Bg7 7. e4 O-O 8. Bc4 e6 9. Nf3 c5 10. d5 exd5 11. Bxd5 Nd7 12. Bxg7 Kxg7 13. O-O Nf6 14. Qb3 Nxd5 15. exd5 b6 16. Rad1 Qd6 17. Nd2 Bb7 18. Qc3+ Qf6 19. Qxf6+ Kxf6 20. Ne4+ Kg7 21. Rfe1 Rad8 22. Nc3 Rd7 23. Rd2 Rfd8 24. Red1 Rd6 25. f4 a6 26. a4 b5 27. axb5 axb5 28. Nxb5 Rxd5 29. Rxd5 Rxd5 30. Rxd5 Bxd5 31. Nc3 Bc6 32. g4 f5 33. gxf5 gxf5 34. Kf2 Kf6 35. Ke3 Ke6 36. Kd3 Bd5 37. Nd1 Kd6 38. Ne3 Be6 39. Kc3 Kc6 40. b4 cxb4+ 41. Kxb4 Kb6 42. Nc2 Bd5 43. Nd4 Be4 44. Kc4 Kc7 45. Ne6+ Kd6 46. Ng5 Bd5+ 47. Kd4 h6 48. Nh3 Ke6 49. Nf2 Bf3 50. Kc5 Bg2 51. Nd3 Be4 52. Nb4 Bf3 53. Kd4 Bb7 54. Kc5 Bf3 55. Nc6 Be4 56. Nd4+ Ke7 57. Ne2 Ke6 58. Ng3 Bf3 59. Kb6 Be4 60. Kc7 Ke7 61. Ne2 Bd3 62. Nd4 Be4 63. Nc6+ Ke6 64. Ne5 Ke7 65. h4 Bc2 66. Nc6+ Kf6 67. Kd6 Be4 68. Ne7 Bd3 69. Nd5+ Kg6 70. Ke5 Kh5 71. Ne3 Kxh4 72. Nxf5+ Bxf5 73. Kxf5 Kg3 1/2-1/2

[Event "Pere Noel"]
[Site "Montreal CAN"]
[Date "2011.12.29"]
[Round "4"]
[White "Chang, Michael"]
[Black "Lemieux, Serge"]
[Result "1-0"]
[WhiteElo "1859"]
[BlackElo "1507"]
[PlyCount "133"]
[GameId "2160767909573276"]
[EventDate "2011.12.26"]
[EventType "swiss"]
[EventRounds "5"]
[EventCountry "CAN"]
[SourceTitle "hb 2011"]

1. c4 e6 2. Nc3 Nf6 3. e4 Nc6 4. Nf3 d6 5. g3 g6 6. Bg2 Bg7 7. O-O O-O 8. Rb1 a5 9. a3 Rb8 10. b4 b6 11. d3 axb4 12. axb4 Bb7 13. Re1 h6 14. Re2 Re8 15. d4 e5 16. d5 Ne7 17. Rc2 Nd7 18. Ne2 Rf8 19. Ba3 Ba6 20. Rbc1 Bc8 21. c5 bxc5 22. bxc5 dxc5 23. Bxc5 Nxc5 24. Rxc5 Rb2 25. Rxc7 Ba6 26. R7c2 Bxe2 27. Qxe2 Rb6 28. Nd2 Qb8 29. Nc4 Rb1 30. Qe3 Rc8 31. Bh3 f5 32. Rxb1 Qxb1+ 33. Qc1 Qxc1+ 34. Rxc1 Rc5 35. d6 Nc6 36. exf5 gxf5 37. Bf1 Bf6 38. Rd1 Nd4 39. Ne3 Kf8 40. d7 Bd8 41. Bh3 f4 42. gxf4 Ne2+ 43. Kg2 Nxf4+ 44. Kg3 h5 45. Bf5 Ne2+ 46. Kf3 Nd4+ 47. Ke4 Nc6 48. Rd5 Rc1 49. Rd6 h4 50. Bg4 Rc5 51. Kf5 Ne7+ 52. Ke6 Nc6 53. Rd5 Be7 54. Rxc5 Bxc5 55. Kd5 Bxe3 56. fxe3 Nd8 57. Kxe5 Ke7 58. Kf4 Nf7 59. e4 Kf6 60. Bf5 Ke7 61. Kg4 h3 62. Kxh3 Ng5+ 63. Kg4 Nxe4 64. h4 Nf6+ 65. Kg5 Ng8 66. h5 Kd8 67. h6 1-0

[Event "Pere Noel"]
[Site "Montreal CAN"]
[Date "2011.12.29"]
[Round "4"]
[White "Couture, Jonathan"]
[Black "Forget, Luc"]
[Result "0-1"]
[WhiteElo "1762"]
[BlackElo "1991"]
[PlyCount "78"]
[GameId "2160767909573278"]
[EventDate "2011.12.26"]
[EventType "swiss"]
[EventRounds "5"]
[EventCountry "CAN"]
[SourceTitle "hb 2011"]

1. c4 c5 2. Nc3 Nf6 3. Nf3 Nc6 4. d4 cxd4 5. Nxd4 e6 6. Ndb5 Bb4 7. Nd6+ Ke7 8. Nxc8+ Rxc8 9. e3 d5 10. cxd5 Nxd5 11. Bd2 Bxc3 12. bxc3 Ne5 13. Qb3 Qc7 14. Rc1 Nc4 15. Bxc4 Qxc4 16. Qxb7+ Rc7 17. Qb3 Rhc8 18. Qc2 Nb4 19. cxb4 Qxc2 20. Rxc2 Rxc2 21. Ke2 Rd8 22. Rd1 Rxa2 23. Ke1 a6 24. e4 f6 25. Be3 Rxd1+ 26. Kxd1 Kd7 27. Bd2 Kc6 28. Kc1 Kb5 29. f3 e5 30. g3 Rxd2 31. Kxd2 Kxb4 32. f4 Kb3 33. f5 Kb2 34. g4 a5 35. h4 a4 36. g5 a3 37. h5 a2 38. h6 a1=Q 39. hxg7 Qc1+ 0-1

[Event "Pere Noel"]
[Site "Montreal CAN"]
[Date "2011.12.29"]
[Round "4"]
[White "Gelet, Seymour"]
[Black "Monczak, Mariusz"]
[Result "1-0"]
[WhiteElo "2000"]
[BlackElo "1894"]
[PlyCount "83"]
[GameId "2160767909573279"]
[EventDate "2011.12.26"]
[EventType "swiss"]
[EventRounds "5"]
[EventCountry "CAN"]
[SourceTitle "hb 2011"]

1. d4 d5 2. c4 c6 3. cxd5 cxd5 4. Nc3 Nc6 5. Bf4 a6 6. e3 Nf6 7. Rc1 e6 8. Bd3 Bd6 9. Bxd6 Qxd6 10. Nf3 b5 11. O-O Bb7 12. Bb1 O-O 13. Ne2 Ne4 14. Nd2 f5 15. Nb3 Rae8 16. f3 Nf6 17. Nc5 Bc8 18. f4 Nd7 19. Qd2 Nxc5 20. Rxc5 Bd7 21. Nc1 e5 22. Nb3 exd4 23. exd4 Re7 24. Rfc1 Rfe8 25. Bd3 Nd8 26. g3 Ne6 27. R5c2 g6 28. Bf1 g5 29. fxg5 f4 30. Rc3 Nxg5 31. Qxf4 Qg6 32. Nd2 Nh3+ 33. Bxh3 Bxh3 34. Nf3 Re4 35. Qg5 Re1+ 36. Rxe1 Rxe1+ 37. Kf2 Rf1+ 38. Ke2 Qxg5 39. Nxg5 Bg2 40. Rc8+ Kg7 41. Ne6+ Kf6 42. Nf4 1-0

[Event "Pere Noel"]
[Site "Montreal CAN"]
[Date "2011.12.29"]
[Round "4"]
[White "He, Shao Hang"]
[Black "Auger, Bertrand"]
[Result "1-0"]
[WhiteElo "1611"]
[BlackElo "1941"]
[PlyCount "107"]
[GameId "2160767909573280"]
[EventDate "2011.12.26"]
[EventType "swiss"]
[EventRounds "5"]
[EventCountry "CAN"]
[SourceTitle "hb 2011"]

1. d4 Nf6 2. c4 e6 3. Nf3 b6 4. g3 Bb7 5. Bg2 Bb4+ 6. Bd2 Be7 7. Nc3 O-O 8. O-O d5 9. cxd5 Nxd5 10. Rc1 c5 11. dxc5 Bxc5 12. a3 Nd7 13. b4 Be7 14. Qb3 N7f6 15. Rfd1 Nxc3 16. Bxc3 Bd5 17. Qb2 Qb8 18. Be5 Bd6 19. Bxf6 gxf6 20. Qxf6 Qd8 21. Qxd8 Rfxd8 22. Nd4 Be5 23. e3 Bxg2 24. Kxg2 Bxd4 25. Rxd4 Rxd4 26. exd4 Rd8 27. Rc7 Rxd4 28. Rxa7 b5 29. Ra5 Rd3 30. Rxb5 Rxa3 31. Rb8+ Kg7 32. b5 Rb3 33. h4 h6 34. b6 e5 35. Kf1 f5 36. Rb7+ Kg6 37. Rb8 Rb2 38. b7 Kg7 39. Ke1 f4 40. gxf4 exf4 41. Kd1 Kh7 42. Kc1 Rb4 43. f3 Kg7 44. Kc2 Kh7 45. Kc3 Rb1 46. Kd4 Rb4+ 47. Ke5 Kg7 48. h5 Kh7 49. Kd6 Rb1 50. Re8 Rxb7 51. Re7+ Rxe7 52. Kxe7 Kg8 53. Kf6 Kh7 54. Kf7 1-0

[Event "Pere Noel"]
[Site "Montreal CAN"]
[Date "2011.12.29"]
[Round "4"]
[White "Humphreys, Michael"]
[Black "Masse, Hugues"]
[Result "0-1"]
[WhiteElo "2234"]
[BlackElo "2264"]
[PlyCount "148"]
[GameId "2160767909573281"]
[EventDate "2011.12.26"]
[EventType "swiss"]
[EventRounds "5"]
[EventCountry "CAN"]
[SourceTitle "hb 2011"]

1. Nf3 Nf6 2. c4 g6 3. g3 Bg7 4. Bg2 O-O 5. O-O d6 6. d4 Nbd7 7. Nc3 e5 8. e4 a6 9. dxe5 Nxe5 10. Nxe5 dxe5 11. Qb3 c6 12. Be3 b5 13. Bc5 Re8 14. Rfd1 Qc7 15. Bd6 Qb7 16. cxb5 axb5 17. a4 bxa4 18. Qxb7 Bxb7 19. Nxa4 Red8 20. Ba3 Ba6 21. Be7 Rxd1+ 22. Rxd1 Be2 23. Rd8+ Rxd8 24. Bxd8 Kf8 25. f3 Ke8 26. Bc7 Nd7 27. Kf2 Bb5 28. Nc3 Bc4 29. Bd6 Bf8 30. Bxf8 Kxf8 31. b4 Ke7 32. Na4 Kd6 33. Bh3 Bb3 34. Nb2 Nb6 35. Nd3 Na4 36. Bf1 f6 37. h4 Be6 38. Be2 Bd7 39. Bd1 Nc3 40. Bb3 Nb5 41. Bf7 Nd4 42. Ke3 Bc8 43. f4 Ba6 44. fxe5+ fxe5 45. Kd2 Bc8 46. Ke3 Bh3 47. Nf2 Bg2 48. Bg8 h6 49. Bf7 g5 50. Ng4 gxh4 51. gxh4 Nc2+ 52. Kd2 Nxb4 53. Nxh6 Bxe4 54. Ng4 Nd5 55. h5 Bh7 56. Ke2 e4 57. Bg6 Nf4+ 58. Ke3 Nxg6 59. hxg6 Bxg6 60. Kd4 c5+ 61. Ke3 Kd5 62. Nf6+ Kc4 63. Nd7 Kb5 64. Ne5 Bh7 65. Kd2 Kb4 66. Kc2 e3+ 67. Kd1 c4 68. Ke2 c3 69. Nc6+ Kc5 70. Na5 c2 71. Nb3+ Kc4 72. Nc1 Kd4 73. Nb3+ Kc3 74. Nc1 Kb2 0-1

[Event "Pere Noel"]
[Site "Montreal CAN"]
[Date "2011.12.29"]
[Round "4"]
[White "Larochelle, Martial"]
[Black "Voskanyan, Vahagn"]
[Result "1/2-1/2"]
[WhiteElo "2220"]
[BlackElo "2231"]
[PlyCount "61"]
[GameId "2160767909573283"]
[EventDate "2011.12.26"]
[EventType "swiss"]
[EventRounds "5"]
[EventCountry "CAN"]
[SourceTitle "hb 2011"]

1. c4 e5 2. g3 Nf6 3. Bg2 Nc6 4. Nc3 g6 5. Nf3 Bg7 6. d4 exd4 7. Nxd4 Ne5 8. b3 O-O 9. O-O Re8 10. Bb2 d6 11. Qd2 a5 12. Rfd1 Ned7 13. h3 Nc5 14. Qc2 c6 15. e4 Qe7 16. Re1 Be6 17. Nxe6 Qxe6 18. Rad1 Rad8 19. Ba3 Na6 20. Qd2 Bf8 21. Na4 b5 22. cxb5 cxb5 23. Nb6 b4 24. Bb2 Nc5 25. Nd5 Nxd5 26. exd5 Qd7 27. Qd4 f6 28. Qxf6 Bg7 29. Qxg7+ Qxg7 30. Bxg7 Kxg7 31. Bf1 1/2-1/2

[Event "Pere Noel"]
[Site "Montreal CAN"]
[Date "2011.12.29"]
[Round "4"]
[White "Luo, Zhao Yang"]
[Black "Gagnon, Serge"]
[Result "1-0"]
[WhiteElo "1929"]
[BlackElo "2101"]
[PlyCount "128"]
[GameId "2160767909573284"]
[EventDate "2011.12.26"]
[EventType "swiss"]
[EventRounds "5"]
[EventCountry "CAN"]
[SourceTitle "hb 2011"]

1. d4 d6 2. Nf3 Nc6 3. c4 e5 4. Nc3 Bg4 5. d5 Nce7 6. e4 Nf6 7. Be2 Ng6 8. h3 Bd7 9. O-O Be7 10. Nh2 c5 11. Ng4 a6 12. Nxf6+ Bxf6 13. a4 Nf4 14. Bg4 Bxg4 15. Qxg4 h5 16. Qf3 g5 17. Bxf4 exf4 18. g3 Be5 19. Ne2 fxg3 20. Nxg3 g4 21. hxg4 Qh4 22. gxh5 O-O-O 23. Kg2 Rdg8 24. Rh1 Qg5 25. Rh3 Qd2 26. h6 Rg6 27. Rd1 Qc2 28. h7 Kb8 29. Kh1 Rg7 30. Kg2 Bxg3 31. Rxg3 Rgxh7 32. Re1 Rh2+ 33. Kf1 Qxc4+ 34. Qe2 Qxa4 35. Rg1 Qb3 36. Rc1 Rh1 37. Rc3 Qb5 38. Qxb5 Rxg1+ 39. Kxg1 Rg8+ 40. Kf1 axb5 41. e5 b4 42. Rc4 Rg5 43. f4 Rf5 44. e6 Kc7 45. Ke2 Kd8 46. exf7 Rxf7 47. Kf3 Re7 48. Rc2 b5 49. Kg4 b3 50. Rh2 c4 51. f5 b4 52. f6 Rf7 53. Kf5 c3 54. Ke6 Rf8 55. Rf2 c2 56. Rf1 Ke8 57. Ra1 Kd8 58. f7 Kc7 59. Ke7 Rxf7+ 60. Kxf7 Kb6 61. Ke7 Kc5 62. Ke6 Kc4 63. Kxd6 Kd3 64. Kc5 Kd2 1-0

[Event "Pere Noel"]
[Site "Montreal CAN"]
[Date "2011.12.29"]
[Round "4"]
[White "Malveau, Cedric"]
[Black "Malette, Martin"]
[Result "0-1"]
[WhiteElo "2015"]
[BlackElo "1931"]
[PlyCount "80"]
[GameId "2160767909573285"]
[EventDate "2011.12.26"]
[EventType "swiss"]
[EventRounds "5"]
[EventCountry "CAN"]
[SourceTitle "hb 2011"]

1. d4 Nf6 2. Nf3 g6 3. c4 Bg7 4. Nc3 d5 5. Bf4 c5 6. e3 cxd4 7. Nxd4 O-O 8. Rc1 Nc6 9. Nxc6 bxc6 10. Be2 Qb6 11. Qb3 Bf5 12. Qxb6 axb6 13. O-O Ne4 14. Nxe4 dxe4 15. Bc7 Rxa2 16. Rc2 Rc8 17. Bxb6 c5 18. Rd2 Be5 19. Rd8+ Rxd8 20. Bxd8 Bd6 21. Re1 Kf8 22. b4 cxb4 23. Bb6 b3 24. Bd1 b2 25. Bc2 Bb4 26. Rb1 e5 27. f4 exf3 28. e4 Be6 29. c5 fxg2 30. Kxg2 Bc3 31. c6 Ke8 32. Kf3 Ra1 33. Bd3 f5 34. Ke2 Ke7 35. c7 Kd7 36. Bb5+ Kc8 37. Kd3 Kb7 38. Kxc3 Rxb1 39. Bd3 Rd1 40. exf5 Rxd3+ 0-1

[Event "Pere Noel"]
[Site "Montreal CAN"]
[Date "2011.12.29"]
[Round "4"]
[White "Manailoiu, Dragos"]
[Black "Bergeron, Rene"]
[Result "1/2-1/2"]
[WhiteElo "1834"]
[BlackElo "1665"]
[PlyCount "66"]
[GameId "2160767909573286"]
[EventDate "2011.12.26"]
[EventType "swiss"]
[EventRounds "5"]
[EventCountry "CAN"]
[SourceTitle "hb 2011"]

1. d4 d5 2. Nc3 Nf6 3. Bg5 e6 4. e4 dxe4 5. Nxe4 Be7 6. Bxf6 Bxf6 7. Nf3 O-O 8. Nxf6+ Qxf6 9. Bd3 Nc6 10. Qd2 e5 11. d5 Ne7 12. O-O-O Bf5 13. Rhe1 Bxd3 14. Qxd3 Ng6 15. Qc4 Rfe8 16. Qxc7 e4 17. Nd4 Qxf2 18. d6 Qf4+ 19. Kb1 Red8 20. Qxb7 Qxd6 21. g3 f5 22. Qb3+ Qd5 23. Nxf5 Qxb3 24. Rxd8+ Rxd8 25. axb3 Rd5 26. g4 Re5 27. c4 Nf4 28. Ng3 e3 29. Nf1 e2 30. Ng3 Re3 31. Kc2 Kf7 32. b4 g6 33. Kd2 Rd3+ 1/2-1/2

[Event "Pere Noel"]
[Site "Montreal CAN"]
[Date "2011.12.29"]
[Round "4"]
[White "Nikulich, Oleksandr"]
[Black "Luksza, Arkadiusz"]
[Result "0-1"]
[WhiteElo "1812"]
[BlackElo "2158"]
[PlyCount "44"]
[GameId "2160767909573287"]
[EventDate "2011.12.26"]
[EventType "swiss"]
[EventRounds "5"]
[EventCountry "CAN"]
[SourceTitle "hb 2011"]

1. e4 e6 2. d4 d5 3. exd5 exd5 4. Nf3 Bd6 5. Bd3 Bg4 6. O-O Ne7 7. h3 Bh5 8. b3 Nbc6 9. Bb2 Nb4 10. Be2 a5 11. a3 Na6 12. a4 O-O 13. Na3 c6 14. c4 Re8 15. Qd2 Ng6 16. c5 Nf4 17. Bxa6 Bxf3 18. g3 Qg5 19. Kh2 Qh6 20. h4 Qe6 21. gxf4 Qg4 22. Rg1 Qxh4# 0-1

[Event "Pere Noel"]
[Site "Montreal CAN"]
[Date "2011.12.29"]
[Round "4"]
[White "Prahov, Valentin"]
[Black "Wu, Qiyou"]
[Result "1/2-1/2"]
[WhiteElo "2131"]
[BlackElo "2005"]
[PlyCount "78"]
[GameId "2160767909573288"]
[EventDate "2011.12.26"]
[EventType "swiss"]
[EventRounds "5"]
[EventCountry "CAN"]
[SourceTitle "EXT 2022"]
[Source "ChessBase"]
[SourceDate "2021.10.06"]
[SourceVersion "1"]
[SourceVersionDate "2021.10.06"]
[SourceQuality "1"]

1. e4 c5 2. d4 cxd4 3. c3 Nf6 4. e5 Nd5 5. cxd4 Nc6 6. Nc3 Nxc3 7. bxc3 d6 8. f4 g6 9. Nf3 dxe5 10. fxe5 Bg7 11. Bd3 O-O 12. O-O Bg4 13. h3 Bxf3 14. Rxf3 Qa5 15. Bd2 Rad8 16. Qc2 Qd5 17. Raf1 Bxe5 18. Be4 Qd6 19. Bh6 Bg7 20. Bxg7 Kxg7 21. Qb3 f5 22. Bxc6 Qxc6 23. Re3 Rd7 24. Rfe1 Rf7 25. Qa3 a6 26. Rxe7 Qd6 27. Qxd6 Rxd6 28. a4 b5 29. axb5 axb5 30. Rxf7+ Kxf7 31. Rb1 Rc6 32. Rb3 Rc4 33. Rxb5 Rxc3 34. Rb7+ Kf6 35. Rxh7 Rd3 36. Rd7 Ke6 37. Rd8 Ke7 38. Rd5 Ke6 39. Rd8 Ke7 1/2-1/2

[Event "Pere Noel"]
[Site "Montreal CAN"]
[Date "2011.12.29"]
[Round "4"]
[White "Pregent, Daniel"]
[Black "Robichaud, Louis"]
[Result "1-0"]
[WhiteElo "1830"]
[BlackElo "2098"]
[PlyCount "31"]
[GameId "2160767909573289"]
[EventDate "2011.12.26"]
[EventType "swiss"]
[EventRounds "5"]
[EventCountry "CAN"]
[SourceTitle "EXT 2022"]
[Source "ChessBase"]
[SourceDate "2021.10.06"]
[SourceVersion "1"]
[SourceVersionDate "2021.10.06"]
[SourceQuality "1"]

1. d4 Nf6 2. Nf3 g6 3. c4 Bg7 4. Nc3 O-O 5. e4 d6 6. h3 c5 7. d5 e6 8. Bd3 exd5 9. cxd5 b5 10. Nxb5 Nxe4 11. Bxe4 Re8 12. Ng5 Bf5 13. O-O Bxe4 14. Re1 Bxd5 15. Rxe8+ Qxe8 16. Nc7 1-0

[Event "Pere Noel"]
[Site "Montreal CAN"]
[Date "2011.12.29"]
[Round "4"]
[White "Ramaswamy, Kiran"]
[Black "Yu, Zong Yang"]
[Result "1/2-1/2"]
[WhiteElo "1947"]
[BlackElo "1814"]
[PlyCount "142"]
[GameId "2160767909573290"]
[EventDate "2011.12.26"]
[EventType "swiss"]
[EventRounds "5"]
[EventCountry "CAN"]
[SourceTitle "hb 2011"]

1. c4 Nf6 2. g3 c5 3. Bg2 g6 4. Nc3 Bg7 5. Nf3 O-O 6. O-O d6 7. d3 Nbd7 8. Rb1 a6 9. Bd2 Rb8 10. b4 Qc7 11. b5 b6 12. bxa6 Bxa6 13. Rb3 e6 14. Ng5 h6 15. Nge4 Ne8 16. f4 Ndf6 17. Qb1 Nxe4 18. Bxe4 Nf6 19. Bf3 Rfd8 20. e4 Nd7 21. Nb5 Bxb5 22. Rxb5 Ra8 23. Qb3 Ra6 24. a3 Rda8 25. Bc1 R8a7 26. Kg2 Nb8 27. Bb2 Bxb2 28. Qxb2 Rxa3 29. Rf2 Nd7 30. Rd2 Ra2 31. Qxa2 Rxa2 32. Rxa2 Qb8 33. Bd1 Kg7 34. Rb1 Qb7 35. Ba4 d5 36. Bxd7 Qxd7 37. cxd5 exd5 38. e5 d4 39. Rab2 Qf5 40. Rd1 g5 41. fxg5 hxg5 42. Rxb6 Qxe5 43. Rb2 g4 44. Rf2 Kg6 45. Rdf1 f5 46. h4 gxh3+ 47. Kxh3 Qd5 48. Rxf5 Qxf5+ 49. Rxf5 Kxf5 50. Kg2 Ke5 51. Kf3 Kd5 52. g4 Ke5 53. g5 Kf5 54. g6 Kxg6 55. Ke4 Kf6 56. Kd5 Kf5 57. Kxc5 Ke5 58. Kc4 Ke6 59. Kxd4 Kd6 60. Ke4 Ke6 61. d4 Kd6 62. d5 Kd7 63. Ke5 Ke7 64. d6+ Kd7 65. Kd5 Kd8 66. Ke6 Ke8 67. Kf6 Kd7 68. Ke5 Kd8 69. Kd4 Kd7 70. Kd5 Kd8 71. Kc6 Kc8 1/2-1/2

[Event "Pere Noel"]
[Site "Montreal CAN"]
[Date "2011.12.29"]
[Round "4"]
[White "Trottier, Emile"]
[Black "Peng, Jackie"]
[Result "0-1"]
[WhiteElo "2163"]
[BlackElo "2030"]
[PlyCount "92"]
[GameId "2160767909573291"]
[EventDate "2011.12.26"]
[EventType "swiss"]
[EventRounds "5"]
[EventCountry "CAN"]
[SourceTitle "hb 2011"]

1. e4 c5 2. c3 Nf6 3. e5 Nd5 4. d4 cxd4 5. cxd4 Nc6 6. Nf3 d6 7. exd6 Qxd6 8. Nc3 Bg4 9. Bc4 e6 10. O-O Be7 11. Be3 O-O 12. a3 Rac8 13. Nxd5 exd5 14. Ba2 Bd8 15. h3 Bh5 16. g4 Bg6 17. Ne5 Nxe5 18. dxe5 Qxe5 19. Qxd5 Qe7 20. Rad1 Be4 21. Qd7 Qf6 22. f3 Qh4 23. Bf2 Qxh3 24. fxe4 Bc7 25. Rd6 Bxd6 26. Qxd6 Qxg4+ 27. Qg3 Qd7 28. Be1 Rc6 29. Rf5 Qd4+ 30. Qf2 Rg6+ 31. Kh2 Rh6+ 32. Kg1 Qxe4 33. Rf3 Kh8 34. Bc3 Rg6+ 35. Kf1 Rd8 36. Bb3 Qc6 37. Bc2 Qc4+ 38. Ke1 Rh6 39. Qg1 f6 40. Re3 Qd5 41. Qf2 Rh1+ 42. Ke2 Qh5+ 43. Qf3 Rh2+ 44. Ke1 Qxf3 45. Rxf3 Rxc2 46. Re3 Kg8 0-1